Las hazañas del segundo David (Record no. 145988)

MARC details
000 -LEADER
campo de control de longitud fija 00878nam a2200241 i 4500
001 - NÚMERO DE CONTROL
campo de control 145988
003 - IDENTIFICADOR DE NÚMERO DE CONTROL
campo de control ES-MaACL
005 - FECHA Y HORA DE LA ÚLTIMA TRANSACCIÓN
campo de control 20240529062946.0
007 - CAMPO FIJO DE DESCRIPCIÓN FÍSICA--INFORMACIÓN GENERAL
campo de control de longitud fija t|
008 - DATOS DE LONGITUD FIJA--INFORMACIÓN GENERAL
campo de control de longitud fija 071018s1985 sp ||||1| spa d
020 ## - NÚMERO INTERNACIONAL ESTÁNDAR DEL LIBRO
Número Internacional Estándar del Libro 84-249-0974-7
100 1# - ENTRADA PRINCIPAL--NOMBRE DE PERSONA
Nombre de persona Vega, Lope de,
Fechas asociadas al nombre 1562-1635
9 (RLIN) 113563
245 14 - MENCIÓN DEL TÍTULO
Título Las hazañas del segundo David
Resto del título : auto sacramental autógrafo y desconocido /
Mención de responsabilidad, etc. Lope de Vega Carpio ; publicado por Juan Bautista Avalle-Arce y Gregorio Cervantes Martín.
260 ## - PUBLICACIÓN, DISTRIBUCIÓN, ETC.
Lugar de publicación, distribución, etc. Madrid :
Nombre del editor, distribuidor, etc. Gredos,
Fecha de publicación, distribución, etc. 1985.
300 ## - DESCRIPCIÓN FÍSICA
Extensión 186 p. ;
Dimensiones 20 cm.
490 1# - MENCIÓN DE SERIE
Mención de serie Biblioteca románica hispánica. IV. Textos ;
Designación de volumen o secuencia 16
700 1# - ENTRADA AGREGADA--NOMBRE PERSONAL
Nombre de persona Avalle-Arce, Juan Bautista
9 (RLIN) 23989
700 1# - ENTRADA AGREGADA--NOMBRE PERSONAL
Nombre de persona Cervantes Martín, Gregorio.
9 (RLIN) 37592
830 0# - PUNTO DE ACCESO ADICIONAL DE SERIE-TÍTULO UNIFORME
Título uniforme Biblioteca románica hispánica. IV. Textos ;
Designación de volumen o secuencia 16
9 (RLIN) 178362
852 ## - LOCALIZACIÓN
Ubicación ES-MaACL
Número de control de estantería L-9708
852 ## - LOCALIZACIÓN
Ubicación ES-MaACL
Número de control de estantería L-8281
Holdings
Estatus retirado Estado de pérdida Estado de daño No para préstamo Biblioteca de origen Biblioteca actual Ubicación en estantería Fecha de adquisición Fuente de adquisición Total de préstamos Signatura topográfica completa Código de barras Visto por última vez Precio de reemplazo Tipo de ítem Koha
        Biblioteca del Ateneo de Madrid Biblioteca del Ateneo de Madrid Depósito 2 17/01/2008     L-8281 1152381 23/02/2023 23/02/2023 Libro impreso
        Biblioteca del Ateneo de Madrid Biblioteca del Ateneo de Madrid Depósito 2 17/01/2008     L-9708 1152380 23/02/2023 23/02/2023 Libro impreso